[Event "Liga Madrileña - DH 2011-2012"]
[Site "Madrid ESP"]
[Date "2012.01.29"]
[Round "8.34"]
[White "Perez Gonzalez, Jose Manuel"]
[Black "Sagredo Viana, Jose Manuel"]
[Result "1-0"]
[WhiteElo "2304"]
[BlackElo "2055"]
[PlyCount "55"]
[EventDate "2011.11.13"]
[EventType "team"]
[EventRounds "14"]
[EventCountry "ESP"]
[Source "lmi"]
[SourceDate "2011.11.13"]
[WhiteTeam "Amigos del Retiro"]
[BlackTeam "Moratalaz"]
[WhiteTeamCountry "ESP"]
[BlackTeamCountry "ESP"]

1. e4 c5 2. Nf3 Nc6 3. d4 cxd4 4. Nxd4 Nf6 5. Nc3 e5 6. Ndb5 d6 7. Bg5 a6 8.
Na3 b5 9. Bxf6 gxf6 10. Nd5 f5 11. Bd3 Be6 12. O-O Bxd5 13. exd5 Ne7 14. c3 Bg7
15. Qh5 Qd7 16. Rad1 O-O 17. Bb1 Rac8 18. Nc2 Rc5 19. Ne3 e4 20. g3 h6 21. f3
f4 22. gxf4 exf3 23. Rxf3 f5 24. Rg3 Rf6 25. Kh1 Qb7 26. Qe8+ Kh7 27. Nxf5 Nxf5
28. Bxf5+ 1-0

[Event "Liga Madrileña - DH 2011-2012"]
[Site "Madrid ESP"]
[Date "2012.01.29"]
[Round "8.35"]
[White "Cobo Diego, Fidel"]
[Black "Vallejo Diaz, Jesus"]
[Result "1/2-1/2"]
[WhiteElo "2054"]
[BlackElo "2258"]
[PlyCount "97"]
[EventDate "2011.11.13"]
[EventType "team"]
[EventRounds "14"]
[EventCountry "ESP"]
[Source "lmi"]
[SourceDate "2011.11.13"]
[WhiteTeam "Moratalaz"]
[BlackTeam "Amigos del Retiro"]
[WhiteTeamCountry "ESP"]
[BlackTeamCountry "ESP"]

1. e4 c5 2. Nf3 e6 3. d4 cxd4 4. Nxd4 a6 5. Bd3 Bc5 6. Nb3 Be7 7. O-O Qc7 8.
Be3 Nf6 9. Nc3 Nc6 10. Na4 b5 11. Nb6 Rb8 12. Nxc8 Qxc8 13. a4 O-O 14. axb5
axb5 15. Qe2 Nb4 16. Bf4 d6 17. e5 Nfd5 18. Bg3 Nxd3 19. cxd3 Qd7 20. d4 Nb4
21. exd6 Bxd6 22. Ra7 Qxa7 23. Bxd6 Nc6 24. Bxf8 Rxf8 25. Qxb5 Nxd4 26. Nxd4
Qxd4 27. b4 Qf4 28. Qc5 g6 29. g3 Qe4 30. b5 Rb8 31. Rc1 Kg7 32. b6 Rb7 33.
Qc3+ e5 34. Qb3 Rd7 35. Qb5 Rd5 36. Qb1 Qxb1 37. Rxb1 Rd8 38. Kf1 f5 39. b7 Rb8
40. Ke2 Kf6 41. Ke3 Ke6 42. f4 e4 43. g4 Kd6 44. gxf5 gxf5 45. Rb6+ Kd5 46. Rf6
Rxb7 47. Rxf5+ Ke6 48. Re5+ Kf6 49. Kxe4 1/2-1/2

[Event "Liga Madrileña - DH 2011-2012"]
[Site "Madrid ESP"]
[Date "2012.01.29"]
[Round "8.36"]
[White "Paredes Sanchez, Juan"]
[Black "Garcia Ruido, Ricardo"]
[Result "1-0"]
[WhiteElo "2206"]
[BlackElo "2060"]
[PlyCount "133"]
[EventDate "2011.11.13"]
[EventType "team"]
[EventRounds "14"]
[EventCountry "ESP"]
[Source "lmi"]
[SourceDate "2011.11.13"]
[WhiteTeam "Amigos del Retiro"]
[BlackTeam "Moratalaz"]
[WhiteTeamCountry "ESP"]
[BlackTeamCountry "ESP"]

1. e4 c5 2. Nf3 d6 3. d4 cxd4 4. Nxd4 Nf6 5. Nc3 a6 6. Bg5 e6 7. f4 Qc7 8. Qf3
Nc6 9. Bxf6 gxf6 10. O-O-O Bd7 11. f5 Ne5 12. fxe6 Nxf3 13. exd7+ Qxd7 14. gxf3
O-O-O 15. Nd5 Kb8 16. Kb1 h5 17. h4 Qe8 18. Rg1 Qe5 19. Bxa6 f5 20. Rg5 Qh2 21.
Rxf5 Rh7 22. Bc4 Qxh4 23. a4 Rc8 24. Bb3 Rc5 25. Rf4 Qg3 26. Nf5 Qh2 27. Rh4
Qe2 28. Rd3 Bg7 29. Ka2 Qf2 30. Rh1 Qg2 31. Rh4 Be5 32. f4 Bg7 33. Nxd6 Bf8 34.
e5 Rh6 35. Nxf7 Ra6 36. Nc3 Qf2 37. Rdh3 Rc7 38. Ng5 Be7 39. Nce4 Qe1 40. Rxh5
Qb4 41. Nc3 b5 42. Rh8+ Ka7 43. Nd5 Rxa4+ 44. Bxa4 Qxa4+ 45. Ra3 Bxa3 46. Ra8+
Kxa8 47. Nb6+ Kb7 48. Nxa4 Bb4 49. Kb3 Bd2 50. Nc3 Bxf4 51. Ne6 Rxc3+ 52. Kxc3
Bxe5+ 53. Kb3 Kb6 54. Ng5 Bf6 55. Ne4 Bg7 56. c3 Bf8 57. Kc2 Bg7 58. Nd6 Bf8
59. Nf5 Bc5 60. Kd3 Bf2 61. Ke4 Ka5 62. Kd5 Ka4 63. Nd4 b4 64. c4 b3 65. c5 Be3
66. c6 Bf4 67. Ne6 1-0

[Event "Liga Madrileña - DH 2011-2012"]
[Site "Madrid ESP"]
[Date "2012.01.29"]
[Round "8.41"]
[White "Alcazar Jimenez, Victor Manuel"]
[Black "Anton Guijarro, David"]
[Result "1/2-1/2"]
[WhiteElo "2379"]
[BlackElo "2469"]
[PlyCount "95"]
[EventDate "2011.11.13"]
[EventType "team"]
[EventRounds "14"]
[EventCountry "ESP"]
[Source "lmi"]
[SourceDate "2011.11.13"]
[WhiteTeam "Blanco y Negro"]
[BlackTeam "Virgen de Atocha"]
[WhiteTeamCountry "ESP"]
[BlackTeamCountry "ESP"]

1. c4 Nf6 2. Nc3 c5 3. Nf3 Nc6 4. d4 cxd4 5. Nxd4 d6 6. g3 g6 7. Bg2 Bd7 8. b3
Bg7 9. Bb2 O-O 10. O-O Qa5 11. Nc2 Rfc8 12. Qd2 Qh5 13. Ne3 Rab8 14. Rfd1 Qh6
15. Ncd5 Nxd5 16. Bxg7 Qxg7 17. Nxd5 Be6 18. Rac1 a6 19. f4 Kh8 20. a4 a5 21.
Kh1 h6 22. e4 Bxd5 23. Qxd5 b6 24. Bh3 Rc7 25. Qd2 Nb4 26. Rf1 Rc5 27. Rce1 Rd8
28. Bg2 Nc6 29. Rd1 Kh7 30. Rf2 Qf6 31. Qe3 e6 32. Rdd2 Qe7 33. e5 d5 34. cxd5
exd5 35. Rf1 Kg7 36. Qf2 Qe6 37. h4 h5 38. Kh2 Ne7 39. Bh3 Nf5 40. Rfd1 Kh6 41.
Qf3 d4 42. g4 hxg4 43. Qxg4 Kg7 44. Qg5 Rh8 45. Bxf5 Qxf5 46. Qxf5 gxf5 47.
Rxd4 Rxh4+ 48. Kg3 1/2-1/2

[Event "Liga Madrileña - DH 2011-2012"]
[Site "Madrid ESP"]
[Date "2012.01.29"]
[Round "8.42"]
[White "Rubio Mejia, Luis Ignacio"]
[Black "Alcazar Jimenez, Jesus Alberto"]
[Result "0-1"]
[WhiteElo "2439"]
[BlackElo "2252"]
[PlyCount "102"]
[EventDate "2011.11.13"]
[EventType "team"]
[EventRounds "14"]
[EventCountry "ESP"]
[Source "lmi"]
[SourceDate "2011.11.13"]
[WhiteTeam "Virgen de Atocha"]
[BlackTeam "Blanco y Negro"]
[WhiteTeamCountry "ESP"]
[BlackTeamCountry "ESP"]

1. d4 d5 2. c4 e5 3. dxe5 d4 4. Nf3 Nc6 5. a3 Nge7 6. Nbd2 Ng6 7. Nb3 Be6 8.
Nbxd4 Bxc4 9. Nxc6 Qxd1+ 10. Kxd1 bxc6 11. e4 O-O-O+ 12. Bd2 Bb3+ 13. Ke1 Bc5
14. Rc1 Bb6 15. g3 Rhe8 16. Bc3 f6 17. Nd2 Ba4 18. f4 fxe5 19. f5 Nf8 20. Bc4
Bb5 21. b3 Bd4 22. Ke2 Nd7 23. Rhd1 Bxc4+ 24. bxc4 Nc5 25. Bb4 Nb7 26. c5 a5
27. Bc3 Bxc5 28. Nc4 Bd4 29. Bxa5 Nc5 30. Kf3 g6 31. g4 h5 32. h3 hxg4+ 33.
hxg4 gxf5 34. gxf5 Rh8 35. Bb4 Nb3 36. Rb1 c5 37. Be1 Rdg8 38. Ke2 Rh2+ 39. Kd3
Rh3+ 40. Kc2 Rg2+ 41. Bd2 Rc3+ 42. Kb2 Nxd2 43. Nxd2 Rd3+ 44. Kc2 Rxa3 45. f6
Rc3+ 46. Kb2 Rf3+ 47. Kc2 Rxf6 48. Kd3 Rg3+ 49. Kc2 Rc3+ 50. Kb2 Rb6+ 51. Ka2
Rc2+ 0-1

[Event "Liga Madrileña - DH 2011-2012"]
[Site "Madrid ESP"]
[Date "2012.01.29"]
[Round "8.43"]
[White "Rivas Vila, David"]
[Black "Martinez Martin, David"]
[Result "0-1"]
[WhiteElo "2216"]
[BlackElo "2395"]
[PlyCount "56"]
[EventDate "2011.11.13"]
[EventType "team"]
[EventRounds "14"]
[EventCountry "ESP"]
[Source "lmi"]
[SourceDate "2011.11.13"]
[WhiteTeam "Blanco y Negro"]
[BlackTeam "Virgen de Atocha"]
[WhiteTeamCountry "ESP"]
[BlackTeamCountry "ESP"]

1. e4 c5 2. Nf3 Nc6 3. d4 cxd4 4. Nxd4 Nf6 5. Nc3 d6 6. g3 Bg4 7. Be2 Bxe2 8.
Ndxe2 g6 9. O-O Bg7 10. a4 h5 11. Bg5 Nh7 12. Be3 h4 13. f4 Nf6 14. h3 hxg3 15.
Kg2 Qd7 16. Rh1 Nh5 17. Qe1 Nb4 18. Qd2 Rc8 19. Rad1 b6 20. Nxg3 Qb7 21. Kf3
Rc4 22. Qe2 Qc6 23. Nd5 Nxg3 24. Kxg3 Rxc2 25. Rd2 Rxd2 26. Qxd2 Nxd5 27. exd5
Qxa4 28. Rc1 Qd7 0-1

[Event "Liga Madrileña - DH 2011-2012"]
[Site "Madrid ESP"]
[Date "2012.01.29"]
[Round "8.44"]
[White "Rudolf, Anna"]
[Black "Garrido Olivares, Ricardo"]
[Result "1-0"]
[WhiteElo "2352"]
[BlackElo "2216"]
[PlyCount "131"]
[EventDate "2011.11.13"]
[EventType "team"]
[EventRounds "14"]
[EventCountry "ESP"]
[Source "lmi"]
[SourceDate "2011.11.13"]
[WhiteTeam "Virgen de Atocha"]
[BlackTeam "Blanco y Negro"]
[WhiteTeamCountry "ESP"]
[BlackTeamCountry "ESP"]

1. e4 c6 2. Nc3 d5 3. Nf3 Bg4 4. h3 Bxf3 5. Qxf3 e6 6. g3 Nf6 7. Bg2 Nxe4 8.
Nxe4 dxe4 9. Qxe4 Qd5 10. O-O Qxe4 11. Bxe4 Nd7 12. b4 a6 13. Rb1 Bd6 14. a4
Nf6 15. Bg2 Kd7 16. b5 axb5 17. axb5 Rhb8 18. Bb2 Ra5 19. c4 cxb5 20. Bc3 b4
21. Bxb4 Bxb4 22. Rxb4 Kc7 23. Rfb1 b6 24. d4 Nd7 25. Rb5 Ra7 26. Kf1 Rc8 27.
c5 Rb8 28. Rc1 bxc5 29. Rxb8 Nxb8 30. dxc5 Ra2 31. Rb1 Nc6 32. Rb6 Nd8 33. Rb5
Nc6 34. Ke1 h6 35. g4 Rc2 36. Be4 Ra2 37. f3 Rh2 38. Rb6 Nd8 39. Ra6 Rb2 40. c6
Rb6 41. Ra7+ Kc8 42. Re7 Nxc6 43. Rxf7 Rb7 44. Rf8+ Kc7 45. Re8 e5 46. Bxc6
Kxc6 47. Rxe5 Kd6 48. Re3 g5 49. Kf2 Rb6 50. Kg3 Ra6 51. f4 gxf4+ 52. Kxf4 Ra5
53. h4 Rb5 54. Re8 Kd7 55. Re5 Rb6 56. Kf5 Rc6 57. g5 hxg5 58. hxg5 Rc1 59. Kf6
Kd6 60. Re2 Rf1+ 61. Kg7 Kd7 62. g6 Rg1 63. Kf7 Rf1+ 64. Kg8 Rg1 65. g7 Rh1 66.
Re4 1-0

[Event "Liga Madrileña - DH 2011-2012"]
[Site "Madrid ESP"]
[Date "2012.01.29"]
[Round "8.45"]
[White "Aguado Sanchez, Juan"]
[Black "Vazquez Torres, Adrian"]
[Result "0-1"]
[WhiteElo "2050"]
[BlackElo "2145"]
[PlyCount "54"]
[EventDate "2011.11.13"]
[EventType "team"]
[EventRounds "14"]
[EventCountry "ESP"]
[Source "lmi"]
[SourceDate "2011.11.13"]
[WhiteTeam "Blanco y Negro"]
[BlackTeam "Virgen de Atocha"]
[WhiteTeamCountry "ESP"]
[BlackTeamCountry "ESP"]

1. e4 c5 2. d4 cxd4 3. c3 Nf6 4. e5 Nd5 5. Nf3 e6 6. cxd4 Nc6 7. Bd3 Qb6 8. Be4
Bb4+ 9. Bd2 Nxd4 10. O-O Nxf3+ 11. Qxf3 Ne7 12. Nc3 d5 13. exd6 Bxd6 14. Be3
Qxb2 15. Rfc1 Bd7 16. Rab1 Qa3 17. Rxb7 Rc8 18. Rxa7 Qb4 19. Rb7 Qa5 20. Ra7
Qe5 21. Bd2 Qxh2+ 22. Kf1 f5 23. Bd3 Nc6 24. Rb7 Qh1+ 25. Ke2 Nd4+ 26. Ke3 Qh6+
27. Kxd4 e5+ 0-1

[Event "Liga Madrileña - DH 2011-2012"]
[Site "Madrid ESP"]
[Date "2012.02.05"]
[Round "9.11"]
[White "Anton Guijarro, David"]
[Black "Serrano Salvador, Eduardo"]
[Result "1-0"]
[WhiteElo "2469"]
[BlackElo "2364"]
[PlyCount "85"]
[EventDate "2011.11.13"]
[EventType "team"]
[EventRounds "14"]
[EventCountry "ESP"]
[Source "lmi"]
[SourceDate "2011.11.13"]
[WhiteTeam "Virgen de Atocha"]
[BlackTeam "Moratalaz"]
[WhiteTeamCountry "ESP"]
[BlackTeamCountry "ESP"]

1. Nf3 d5 2. d4 Nf6 3. c4 c6 4. Nbd2 e6 5. e3 c5 6. dxc5 Bxc5 7. a3 O-O 8. Bd3
Nc6 9. b4 Bd6 10. Bb2 h6 11. Qe2 Re8 12. O-O Ng4 13. Rad1 Qe7 14. Bb1 Nge5 15.
b5 Nxf3+ 16. Nxf3 Na5 17. cxd5 e5 18. Nd2 f5 19. Bc3 b6 20. Bxa5 bxa5 21. Nc4
a4 22. Bc2 Bd7 23. Bxa4 Rab8 24. Na5 Qh4 25. Qc4 f4 26. Nc6 e4 27. exf4 Bxf4
28. g3 Qh3 29. Bc2 e3 30. Qxf4 e2 31. Bd3 exd1=Q 32. Rxd1 Qh5 33. Rc1 Ra8 34.
a4 Bh3 35. d6 Kh8 36. Ne7 Qg5 37. Qxg5 hxg5 38. Bg6 Red8 39. Rd1 Rd7 40. Nc6
Bg4 41. Rd4 Bh3 42. f3 Rc8 43. g4 1-0

[Event "Liga Madrileña - DH 2011-2012"]
[Site "Madrid ESP"]
[Date "2012.02.05"]
[Round "9.12"]
[White "Solaesa Navalpotro, Luis Julio"]
[Black "Almagro Llamas, Pablo"]
[Result "1/2-1/2"]
[WhiteElo "2270"]
[BlackElo "2461"]
[PlyCount "51"]
[EventDate "2011.11.13"]
[EventType "team"]
[EventRounds "14"]
[EventCountry "ESP"]
[Source "lmi"]
[SourceDate "2011.11.13"]
[WhiteTeam "Moratalaz"]
[BlackTeam "Virgen de Atocha"]
[WhiteTeamCountry "ESP"]
[BlackTeamCountry "ESP"]

1. d4 Nf6 2. Nf3 e6 3. c4 b6 4. g3 Ba6 5. b3 Bb4+ 6. Bd2 Be7 7. Bc3 d5 8. cxd5
Nxd5 9. Bb2 O-O 10. e4 Bxf1 11. Kxf1 Nf6 12. Qe2 Qc8 13. Kg2 Qb7 14. Nc3 Nbd7
15. Rad1 Rfd8 16. Rhe1 Ne8 17. Ne5 a6 18. Qf3 Nef6 19. Nxd7 Rxd7 20. d5 exd5
21. Nxd5 Ne8 22. Qg4 Qc6 23. h4 Bf8 24. h5 Rdd8 25. Rc1 Qd7 26. Qxd7 1/2-1/2

[Event "Liga Madrileña - DH 2011-2012"]
[Site "Madrid ESP"]
[Date "2012.02.05"]
[Round "9.13"]
[White "Rubio Mejia, Luis Ignacio"]
[Black "Rodriguez Yuste, Marcelo"]
[Result "1/2-1/2"]
[WhiteElo "2439"]
[BlackElo "2234"]
[PlyCount "68"]
[EventDate "2011.11.13"]
[EventType "team"]
[EventRounds "14"]
[EventCountry "ESP"]
[Source "lmi"]
[SourceDate "2011.11.13"]
[WhiteTeam "Virgen de Atocha"]
[BlackTeam "Moratalaz"]
[WhiteTeamCountry "ESP"]
[BlackTeamCountry "ESP"]

1. d4 f5 2. Bg5 g6 3. Nd2 Bg7 4. e4 fxe4 5. Nxe4 d5 6. Ng3 c5 7. dxc5 Bxb2 8.
Rb1 Bc3+ 9. Bd2 Qa5 10. Nf3 Nc6 11. Bb5 Nf6 12. O-O Bxd2 13. Nxd2 O-O 14. c4
Nd4 15. Nb3 Nxb3 16. axb3 a6 17. b4 Qc7 18. Ba4 dxc4 19. Qe2 Kg7 20. Rfe1 Bd7
21. Bxd7 Qxd7 22. Qxc4 Rf7 23. Rbd1 Qb5 24. Qc3 Kg8 25. Ne4 Nxe4 26. Rxe4 a5
27. bxa5 Qxa5 28. Qe3 Qa1 29. Re1 Ra3 30. Qd2 Qf6 31. f3 Ra1 32. Rxa1 Qxa1+ 33.
Re1 Qf6 34. Qd5 Kg7 1/2-1/2

[Event "Liga Madrileña - DH 2011-2012"]
[Site "Madrid ESP"]
[Date "2012.02.05"]
[Round "9.14"]
[White "Ramirez Garcia, Jorge Alberto"]
[Black "Martinez Martin, David"]
[Result "0-1"]
[WhiteElo "2177"]
[BlackElo "2395"]
[PlyCount "86"]
[EventDate "2011.11.13"]
[EventType "team"]
[EventRounds "14"]
[EventCountry "ESP"]
[Source "lmi"]
[SourceDate "2011.11.13"]
[WhiteTeam "Moratalaz"]
[BlackTeam "Virgen de Atocha"]
[WhiteTeamCountry "ESP"]
[BlackTeamCountry "ESP"]

1. e4 e6 2. d4 d5 3. e5 c5 4. c3 Nc6 5. Nf3 Nh6 6. Bd3 cxd4 7. cxd4 Nf5 8. Bxf5
exf5 9. Nc3 Be6 10. Ne2 Be7 11. Qb3 O-O 12. Bd2 Na5 13. Bxa5 Qxa5+ 14. Nc3 Qa6
15. Qb5 Qxb5 16. Nxb5 Rfc8 17. O-O h6 18. Nc3 g5 19. Rfc1 g4 20. Ne1 Bg5 21.
Rd1 Rc4 22. g3 Rac8 23. Ng2 Rb4 24. Rab1 Rcc4 25. a3 Rb3 26. Ne3 Bxe3 27. fxe3
b5 28. Rdc1 a5 29. Kf2 Kg7 30. Nd1 f4 31. gxf4 h5 32. Rxc4 bxc4 33. Rc1 Bf5 34.
Kg3 Be4 35. Nc3 Kg6 36. Na4 Rxe3+ 37. Kf2 Rf3+ 38. Kg1 Rxf4 39. Rf1 Bf3 40. Nc5
Rxd4 41. Re1 Rd2 42. Nd7 Rg2+ 43. Kf1 Rxh2 0-1

[Event "Liga Madrileña - DH 2011-2012"]
[Site "Madrid ESP"]
[Date "2012.02.05"]
[Round "9.15"]
[White "Rudolf, Anna"]
[Black "Alonso Nieto, Santiago"]
[Result "0-1"]
[WhiteElo "2352"]
[BlackElo "2112"]
[PlyCount "110"]
[EventDate "2011.11.13"]
[EventType "team"]
[EventRounds "14"]
[EventCountry "ESP"]
[Source "lmi"]
[SourceDate "2011.11.13"]
[WhiteTeam "Virgen de Atocha"]
[BlackTeam "Moratalaz"]
[WhiteTeamCountry "ESP"]
[BlackTeamCountry "ESP"]

1. e4 g6 2. d4 Bg7 3. Nf3 d6 4. Nc3 c6 5. Be2 Nf6 6. O-O b5 7. a3 O-O 8. Bf4 a6
9. e5 dxe5 10. dxe5 Nd5 11. Nxd5 cxd5 12. Nd4 Qc7 13. a4 Bxe5 14. Bxe5 Qxe5 15.
axb5 Bb7 16. Re1 axb5 17. Rxa8 Bxa8 18. Bf3 Qd6 19. Nxb5 Qc5 20. Nc3 e6 21. h4
Nc6 22. h5 Nd4 23. Qd3 Qc4 24. Be2 Nxe2+ 25. Rxe2 Qxd3 26. cxd3 gxh5 27. Kf1
Rb8 28. f3 Kf8 29. Ke1 Ke7 30. Kd1 f5 31. d4 Kd6 32. f4 h4 33. Kc2 Bb7 34. Na4
Ba6 35. Rf2 Bc4 36. Nc5 Rg8 37. b3 Bb5 38. Kc3 h5 39. Kb4 Rb8 40. Kc3 Ra8 41.
Kb4 Bd7 42. Re2 Ra1 43. Rf2 Rd1 44. Kc3 Bb5 45. Ra2 Bf1 46. Nb7+ Kc6 47. Nc5
Rc1+ 48. Kb4 Re1 49. Ra7 Bxg2 50. Ra6+ Kc7 51. Nxe6+ Rxe6 52. Rxe6 h3 53. Kc5
h2 54. Re7+ Kd8 55. Kd6 h1=Q 0-1

[Event "Liga Madrileña - DH 2011-2012"]
[Site "Madrid ESP"]
[Date "2012.02.05"]
[Round "9.16"]
[White "Garcia Ruido, Ricardo"]
[Black "Perez de Aranda Alonso, Leonardo"]
[Result "0-1"]
[WhiteElo "2060"]
[BlackElo "2117"]
[PlyCount "44"]
[EventDate "2011.11.13"]
[EventType "team"]
[EventRounds "14"]
[EventCountry "ESP"]
[Source "lmi"]
[SourceDate "2011.11.13"]
[WhiteTeam "Moratalaz"]
[BlackTeam "Virgen de Atocha"]
[WhiteTeamCountry "ESP"]
[BlackTeamCountry "ESP"]

1. e4 c5 2. Nf3 d6 3. d4 cxd4 4. Nxd4 Nf6 5. Nc3 a6 6. Bc4 e6 7. Bb3 Nbd7 8.
Bg5 Qa5 9. Bxf6 Nxf6 10. O-O Nd7 11. f4 Nc5 12. f5 Bd7 13. fxe6 fxe6 14. Rxf8+
Rxf8 15. Qh5+ g6 16. Qxh7 O-O-O 17. Qxg6 Nxb3 18. Nxb3 Qb6+ 19. Kh1 Qf2 20. Rg1
Rg8 21. Qh7 Rh8 22. Qg7 Rxh2+ 0-1

[Event "Liga Madrileña - DH 2011-2012"]
[Site "Madrid ESP"]
[Date "2012.02.05"]
[Round "9.21"]
[White "Alcazar Jimenez, Victor Manuel"]
[Black "Candela Perez, Jose"]
[Result "1-0"]
[WhiteElo "2379"]
[BlackElo "2424"]
[PlyCount "69"]
[EventDate "2011.11.13"]
[EventType "team"]
[EventRounds "14"]
[EventCountry "ESP"]
[Source "lmi"]
[SourceDate "2011.11.13"]
[WhiteTeam "Blanco y Negro"]
[BlackTeam "La Casa del Ajedrez"]
[WhiteTeamCountry "ESP"]
[BlackTeamCountry "ESP"]

1. c4 c6 2. e4 d5 3. cxd5 cxd5 4. exd5 Nf6 5. Nc3 Nxd5 6. Bc4 e6 7. Nf3 Be7 8.
O-O O-O 9. d4 Nc6 10. Re1 Bf6 11. Ne4 Be7 12. a3 b6 13. Qd3 Bb7 14. Ba2 Rc8 15.
Nfg5 Bxg5 16. Bxg5 f6 17. Bd2 Qd7 18. Rad1 Nce7 19. Bb1 Ng6 20. h4 f5 21. Ng5
Ndf4 22. Bxf4 Nxf4 23. Qg3 Qd5 24. f3 Qd6 25. Kh2 Rcd8 26. Re5 Nh5 27. Qe1 Bd5
28. Kg1 Nf4 29. g3 Ng6 30. Rxe6 Bxe6 31. Qxe6+ Kh8 32. f4 Qc7 33. Ba2 Nxf4 34.
gxf4 Qxf4 35. Qg8+ 1-0

[Event "Liga Madrileña - DH 2011-2012"]
[Site "Madrid ESP"]
[Date "2012.02.05"]
[Round "9.22"]
[White "Gallego Jimenez, Victoriano"]
[Black "Alarcia Astiz, Carlos"]
[Result "1-0"]
[WhiteElo "2390"]
[BlackElo "2313"]
[PlyCount "105"]
[EventDate "2011.11.13"]
[EventType "team"]
[EventRounds "14"]
[EventCountry "ESP"]
[Source "lmi"]
[SourceDate "2011.11.13"]
[WhiteTeam "La Casa del Ajedrez"]
[BlackTeam "Blanco y Negro"]
[WhiteTeamCountry "ESP"]
[BlackTeamCountry "ESP"]

1. d4 Nf6 2. c4 e6 3. Nf3 d5 4. Nc3 Bb4 5. Bg5 Nbd7 6. cxd5 exd5 7. e3 c5 8.
Bb5 Qa5 9. O-O Bxc3 10. Bxd7+ Nxd7 11. bxc3 c4 12. Qc2 O-O 13. a4 Re8 14. Rfb1
a6 15. Qb2 Qc7 16. Qb4 b6 17. Bf4 Qc6 18. Qd6 Qxd6 19. Bxd6 Re6 20. Bc7 Ra7 21.
Bf4 Rb7 22. Nd2 Nf6 23. h3 Ne4 24. Nxe4 Rxe4 25. f3 Re6 26. Kf2 Bd7 27. a5 b5
28. g4 Bc6 29. Ke2 Rbe7 30. Kd2 Kf8 31. Re1 Ke8 32. Kc2 f6 33. h4 h6 34. h5 Kd7
35. Rad1 b4 36. Kb2 b3 37. e4 Ke8 38. e5 Kf7 39. Rd2 Re8 40. Bg3 g6 41. hxg6+
Kxg6 42. Rh2 Rh8 43. Rh5 Rh7 44. f4 Re8 45. e6 Ree7 46. f5+ Kg7 47. Reh1 Be8
48. R5h2 Rb7 49. Bf4 h5 50. gxh5 Rb5 51. Rg2+ Kh8 52. Rhg1 Bf7 53. e7 1-0

[Event "Liga Madrileña - DH 2011-2012"]
[Site "Madrid ESP"]
[Date "2012.02.05"]
[Round "9.23"]
[White "Alcazar Jimenez, Jesus Alberto"]
[Black "Bass, Leonid"]
[Result "1/2-1/2"]
[WhiteElo "2252"]
[BlackElo "2410"]
[PlyCount "70"]
[EventDate "2011.11.13"]
[EventType "team"]
[EventRounds "14"]
[EventCountry "ESP"]
[Source "lmi"]
[SourceDate "2011.11.13"]
[WhiteTeam "Blanco y Negro"]
[BlackTeam "La Casa del Ajedrez"]
[WhiteTeamCountry "ESP"]
[BlackTeamCountry "ESP"]

1. Nf3 Nf6 2. g3 d5 3. Bg2 c6 4. O-O Bf5 5. Nh4 Be4 6. f3 Bg6 7. Nxg6 hxg6 8.
d4 c5 9. dxc5 e6 10. Be3 Na6 11. c4 Bxc5 12. Qa4+ Nd7 13. Bxc5 Naxc5 14. Qa3
dxc4 15. Nd2 b5 16. f4 Rb8 17. Qxa7 O-O 18. Rfd1 Qb6 19. Qxb6 Nxb6 20. Rac1
Rfd8 21. b3 cxb3 22. Nxb3 Rxd1+ 23. Rxd1 Nca4 24. Rc1 b4 25. Kf2 Nc3 26. a3
Nba4 27. axb4 Rxb4 28. Nc5 Nxc5 29. Rxc3 Rb5 30. Bc6 Ra5 31. Ke3 Kf8 32. Kd4
Na6 33. Bb7 Ra4+ 34. Ke3 Ke7 35. g4 Ra5 1/2-1/2

[Event "Liga Madrileña - DH 2011-2012"]
[Site "Madrid ESP"]
[Date "2012.02.05"]
[Round "9.24"]
[White "Rojo Huerta, Gabriel"]
[Black "Rivas Vila, David"]
[Result "1/2-1/2"]
[WhiteElo "2355"]
[BlackElo "2216"]
[PlyCount "20"]
[EventDate "2011.11.13"]
[EventType "team"]
[EventRounds "14"]
[EventCountry "ESP"]
[Source "lmi"]
[SourceDate "2011.11.13"]
[WhiteTeam "La Casa del Ajedrez"]
[BlackTeam "Blanco y Negro"]
[WhiteTeamCountry "ESP"]
[BlackTeamCountry "ESP"]

1. d4 f5 2. c4 Nf6 3. g3 g6 4. Bg2 Bg7 5. Nc3 O-O 6. Nh3 Nc6 7. O-O Kh8 8. b3
Nxd4 9. Qxd4 Ne4 10. Qd3 Bxc3 1/2-1/2

[Event "Liga Madrileña - DH 2011-2012"]
[Site "Madrid ESP"]
[Date "2012.02.05"]
[Round "9.25"]
[White "Mena Borras, Mario"]
[Black "Suarez Uriel, Adrian"]
[Result "1/2-1/2"]
[WhiteElo "2105"]
[BlackElo "2238"]
[PlyCount "81"]
[EventDate "2011.11.13"]
[EventType "team"]
[EventRounds "14"]
[EventCountry "ESP"]
[Source "lmi"]
[SourceDate "2011.11.13"]
[WhiteTeam "Blanco y Negro"]
[BlackTeam "La Casa del Ajedrez"]
[WhiteTeamCountry "ESP"]
[BlackTeamCountry "ESP"]

1. e4 c5 2. c4 Nc6 3. Nc3 g6 4. g3 Bg7 5. Bg2 d6 6. d3 e6 7. Nge2 Nge7 8. O-O
O-O 9. f4 Nd4 10. a3 Bd7 11. Rb1 a5 12. a4 Bc6 13. Nb5 Nxe2+ 14. Qxe2 d5 15. b3
Bxb5 16. cxb5 b6 17. Bb2 Bxb2 18. Qxb2 Rc8 19. Rfd1 Qc7 20. Rbc1 Rfd8 21. Bf1
Rd7 22. Be2 Rcd8 23. Qf6 Nc8 24. Bf3 Nd6 25. Qe5 dxe4 26. dxe4 Kf8 27. f5 Ne8
28. Qh8+ Ke7 29. Qxh7 Rxd1+ 30. Rxd1 Rxd1+ 31. Bxd1 Qd6 32. Be2 Qd4+ 33. Kf1
Qxe4 34. fxg6 Qxg6 35. Qxg6 fxg6 36. Kf2 Kf6 37. Ke3 Nd6 38. Bd3 e5 39. h3 Nf5+
40. Bxf5 gxf5 41. Kf3 1/2-1/2

[Event "Liga Madrileña - DH 2011-2012"]
[Site "Madrid ESP"]
[Date "2012.02.05"]
[Round "9.26"]
[White "Collado Barbas, Laura"]
[Black "Aguado Solana, Juan"]
[Result "0-1"]
[WhiteElo "2078"]
[BlackElo "2050"]
[PlyCount "74"]
[EventDate "2011.11.13"]
[EventType "team"]
[EventRounds "14"]
[EventCountry "ESP"]
[Source "lmi"]
[SourceDate "2011.11.13"]
[WhiteTeam "La Casa del Ajedrez"]
[BlackTeam "Blanco y Negro"]
[WhiteTeamCountry "ESP"]
[BlackTeamCountry "ESP"]

1. d4 Nf6 2. c4 c5 3. d5 b5 4. cxb5 a6 5. bxa6 g6 6. Nc3 Bxa6 7. Nf3 d6 8. g3
Bg7 9. Bg2 O-O 10. O-O Nbd7 11. Rb1 Nb6 12. b3 Nfd7 13. Bb2 c4 14. b4 Bxc3 15.
Bxc3 Bb7 16. Nd4 Nf6 17. e4 Rxa2 18. Nc2 Qc7 19. Ne3 Na4 20. Bxf6 exf6 21. Qd4
Qb6 22. Qxf6 Qd8 23. Qxd8 Rxd8 24. Nxc4 Nc3 25. Rb3 Ne2+ 26. Kh1 Ba6 27. b5 Nd4
28. Rb4 Nxb5 29. Rc1 Rc8 30. Bf1 Rxf2 31. Kg1 Ra2 32. Re1 Nd4 33. Nb2 Nf3+ 34.
Kf2 Nxe1 35. Bxa6 Rc2+ 36. Be2 Raxb2 37. Rxb2 Nd3+ 0-1